[Event "Liga Madrileña - DH 2016-2017"]
[Site "Madrid ESP"]
[Date "2017.02.12"]
[Round "9.12"]
[White "Moreno Ruiz, Javier"]
[Black "Fernandez Lledo, Javier"]
[Result "1-0"]
[WhiteElo "2448"]
[BlackElo "2239"]
[PlyCount "67"]
[EventDate "2016.11.20"]
[EventType "team-tourn"]
[EventRounds "14"]
[EventCountry "ESP"]
[SourceTitle "Ajedrez en Madrid"]
[Source "lmi"]
[SourceDate "2016.11.20"]
[WhiteTeam "Collado Villalba"]
[BlackTeam "Pueblo Nuevo"]
[WhiteTeamCountry "ESP"]
[BlackTeamCountry "ESP"]

1. d4 Nf6 2. c4 e6 3. Nc3 Bb4 4. e3 O-O 5. Bd3 d5 6. a3 Bxc3+ 7. bxc3 dxc4 8.
Bxc4 c5 9. Nf3 Qc7 10. Ba2 b6 11. O-O Bb7 12. Ne5 Nc6 13. Nxc6 Qxc6 14. f3 Nd5
15. Qe1 cxd4 16. cxd4 Nc3 17. Bb3 Rac8 18. a4 b5 19. Ba3 bxa4 20. Bc2 Qc4 21.
Bxf8 Kxf8 22. Rf2 e5 23. dxe5 Rc5 24. Rd2 Rxe5 25. Qf2 Qb4 26. e4 Bc6 27. Qxa7
Qb2 28. Re1 a3 29. Qd4 Re6 30. Ba4 Nxa4 31. Rxb2 axb2 32. Rb1 Be8 33. Rxb2 Nxb2
34. Qxb2 1-0

[Event "Liga Madrileña - DH 2016-2017"]
[Site "Madrid ESP"]
[Date "2017.02.12"]
[Round "9.13"]
[White "Baigorri Navarro, Francisco Javier"]
[Black "Reyes Larena, Juan"]
[Result "1/2-1/2"]
[WhiteElo "2192"]
[BlackElo "2448"]
[PlyCount "71"]
[EventDate "2016.11.20"]
[EventType "team-tourn"]
[EventRounds "14"]
[EventCountry "ESP"]
[SourceTitle "Ajedrez en Madrid"]
[Source "lmi"]
[SourceDate "2016.11.20"]
[WhiteTeam "Pueblo Nuevo"]
[BlackTeam "Collado Villalba"]
[WhiteTeamCountry "ESP"]
[BlackTeamCountry "ESP"]

1. Nf3 Nf6 2. c4 g6 3. Nc3 Bg7 4. e4 d6 5. d4 O-O 6. Be2 e5 7. O-O Nc6 8. d5
Ne7 9. b4 Ne8 10. Nd2 f5 11. Qb3 Nf6 12. c5 Kh8 13. cxd6 cxd6 14. a4 fxe4 15.
Ndxe4 Nf5 16. Bd3 Nh5 17. Bg5 Qd7 18. Bb5 Qf7 19. Bc1 Nf4 20. f3 a6 21. Bc4 Qc7
22. Rf2 Nd4 23. Qa2 Bf5 24. Bf1 Rac8 25. Ba3 Bxe4 26. Nxe4 b5 27. Rc1 Qb6 28.
a5 Qb8 29. Rxc8 Rxc8 30. g3 Nh5 31. Qd2 Nf6 32. Bh3 Rf8 33. Nxf6 Rxf6 34. Bg2
Qa7 35. Kh1 Rf7 36. Bb2 1/2-1/2

[Event "Liga Madrileña - DH 2016-2017"]
[Site "Madrid ESP"]
[Date "2017.02.12"]
[Round "9.14"]
[White "Gascon del Nogal, Jose Rafael"]
[Black "Nieto de la Cruz, Julio"]
[Result "1-0"]
[WhiteElo "2442"]
[BlackElo "2144"]
[PlyCount "79"]
[EventDate "2016.11.20"]
[EventType "team-tourn"]
[EventRounds "14"]
[EventCountry "ESP"]
[SourceTitle "Ajedrez en Madrid"]
[Source "lmi"]
[SourceDate "2016.11.20"]
[WhiteTeam "Collado Villalba"]
[BlackTeam "Pueblo Nuevo"]
[WhiteTeamCountry "ESP"]
[BlackTeamCountry "ESP"]

1. Nf3 c5 2. g3 b5 3. Bg2 Bb7 4. O-O Nf6 5. d3 d5 6. Nbd2 Nc6 7. e4 dxe4 8.
dxe4 e5 9. Qe2 Qb6 10. a4 a6 11. c3 Be7 12. Re1 O-O 13. Nf1 Rad8 14. Ne3 Rfe8
15. axb5 axb5 16. Nf5 Bf8 17. Bg5 Re6 18. Bh3 Na5 19. N5h4 h6 20. Bxe6 hxg5 21.
Nxg5 fxe6 22. Ng6 Nc4 23. Rad1 Re8 24. Rd7 Bxe4 25. Nxe4 Nxd7 26. Qh5 Nf6 27.
Qh3 Nh7 28. Rd1 Qc6 29. f3 Nxb2 30. Ng5 Nxg5 31. Qh8+ Kf7 32. Nxe5+ Kf6 33.
Nxc6 Nxd1 34. Qh4 Rc8 35. Qf4+ Kg6 36. Ne5+ Kh7 37. Qxg5 Nxc3 38. Qg6+ Kh8 39.
Nf7+ Kg8 40. Ng5 1-0

[Event "Liga Madrileña - DH 2016-2017"]
[Site "Madrid ESP"]
[Date "2017.02.12"]
[Round "9.15"]
[White "Barez Menendez, Hector"]
[Black "Martin Duque, Jesus"]
[Result "0-1"]
[WhiteElo "2142"]
[BlackElo "2312"]
[PlyCount "188"]
[EventDate "2016.11.20"]
[EventType "team-tourn"]
[EventRounds "14"]
[EventCountry "ESP"]
[SourceTitle "Ajedrez en Madrid"]
[Source "lmi"]
[SourceDate "2016.11.20"]
[WhiteTeam "Pueblo Nuevo"]
[BlackTeam "Collado Villalba"]
[WhiteTeamCountry "ESP"]
[BlackTeamCountry "ESP"]

1. Nf3 Nf6 2. c4 b6 3. g3 Bb7 4. Bg2 c5 5. O-O e6 6. Nc3 Be7 7. d4 cxd4 8. Qxd4
O-O 9. e4 d6 10. Qe3 a6 11. Nd4 Qc7 12. b3 Nc6 13. Bb2 Rfd8 14. Rac1 Ng4 15.
Qd2 Nxd4 16. Qxd4 Bf6 17. Qd2 Rac8 18. h3 Ne5 19. f4 Ng6 20. Kh2 Ba8 21. Rfd1
h6 22. h4 Qb8 23. h5 Nf8 24. a4 Be7 25. Qd4 Bf6 26. Qd2 Nh7 27. Ba3 Be7 28. Qe2
Bf8 29. Rc2 Nf6 30. Rcd2 Qc7 31. Bh3 Bb7 32. f5 e5 33. Nd5 Bxd5 34. cxd5 Be7
35. Rc1 Qb7 36. Rdc2 Rxc2 37. Qxc2 Nxh5 38. Qc7 Qxc7 39. Rxc7 Kf8 40. Rc6 Nf6
41. Bg2 Nd7 42. Bxd6 Bxd6 43. Rxd6 Ke7 44. Rc6 a5 45. Bf1 Rb8 46. Bc4 Kd8 47.
d6 Rc8 48. Rxc8+ Kxc8 49. Bxf7 Nc5 50. Be6+ Kd8 51. Bd5 Kd7 52. Kh3 Kxd6 53.
Kg4 Ke7 54. Kh5 Kf6 55. Kh4 Nd3 56. Bc4 Nb4 57. Kh5 Nc2 58. Bg8 Nd4 59. Bd5 Ne2
60. Kh4 Ke7 61. Bc4 Nc3 62. Bd3 Na2 63. Kh3 Kf6 64. Bc4 Nb4 65. Bb5 Nc2 66. Bc4
Nd4 67. Kg4 g6 68. fxg6 Kxg6 69. Kh4 h5 70. g4 hxg4 71. Kxg4 Kf6 72. Bd5 Ke7
73. Kg5 Kd6 74. Kf6 Nf3 75. Bf7 Nd2 76. Kf5 Nb1 77. Kf6 Nc3 78. Kf5 Ne2 79. Kf6
Nd4 80. Bc4 Nf3 81. Kf5 Kc5 82. Bd5 Kd4 83. Kg4 Nd2 84. Kf5 Nb1 85. Bc6 Nc3 86.
Bb7 Ne2 87. Kg4 Nf4 88. Kf5 Nd3 89. Bd5 Nc5 90. Bc4 Nxe4 91. Ke6 Nc5+ 92. Kd6
Nxa4 93. Kc6 Nc3 94. Bf1 b5 0-1

[Event "Liga Madrileña - DH 2016-2017"]
[Site "Madrid ESP"]
[Date "2017.02.12"]
[Round "9.16"]
[White "Collazo Hidalgo Gato, Niala"]
[Black "Navarro Nicolas, Victor Manuel"]
[Result "1-0"]
[WhiteElo "2225"]
[BlackElo "2077"]
[PlyCount "55"]
[EventDate "2016.11.20"]
[EventType "team-tourn"]
[EventRounds "14"]
[EventCountry "ESP"]
[SourceTitle "Ajedrez en Madrid"]
[Source "lmi"]
[SourceDate "2016.11.20"]
[WhiteTeam "Collado Villalba"]
[BlackTeam "Pueblo Nuevo"]
[WhiteTeamCountry "ESP"]
[BlackTeamCountry "ESP"]

1. e4 c6 2. d4 d5 3. Nc3 dxe4 4. Nxe4 Bf5 5. Ng3 Bg6 6. h4 h6 7. N1e2 Nf6 8.
Nf4 Bh7 9. Bc4 Nbd7 10. Qe2 Qc7 11. Bd2 Nb6 12. Bd3 Bxd3 13. Nxd3 Nbd7 14.
O-O-O O-O-O 15. Ne5 Nxe5 16. dxe5 Nd5 17. c4 Nb6 18. e6 fxe6 19. Kb1 e5 20. Bc3
Nd7 21. Ne4 b6 22. Rd2 Nf6 23. Rxd8+ Kxd8 24. Rd1+ Ke8 25. f4 h5 26. Bxe5 Qc8
27. Bxf6 gxf6 28. Nxf6+ 1-0

[Event "Liga Madrileña - DH 2016-2017"]
[Site "Madrid ESP"]
[Date "2017.02.12"]
[Round "9.21"]
[White "Perez Mitjans, Orelvis"]
[Black "Valles Moreno, Ivan"]
[Result "1-0"]
[WhiteElo "2432"]
[BlackElo "2438"]
[PlyCount "69"]
[EventDate "2016.11.20"]
[EventType "team-tourn"]
[EventRounds "14"]
[EventCountry "ESP"]
[SourceTitle "Ajedrez en Madrid"]
[Source "lmi"]
[SourceDate "2016.11.20"]
[WhiteTeam "64 Villalba"]
[BlackTeam "Liberty Chess"]
[WhiteTeamCountry "ESP"]
[BlackTeamCountry "ESP"]

1. e4 c5 2. Nf3 d6 3. d4 cxd4 4. Nxd4 Nf6 5. Nc3 g6 6. Be3 Bg7 7. f3 O-O 8. Qd2
Nc6 9. O-O-O d5 10. exd5 Nxd5 11. Nxc6 bxc6 12. Bd4 Bxd4 13. Qxd4 Qb6 14. Na4
Qc7 15. Bc4 Bf5 16. g4 Be6 17. Nc5 Rad8 18. Rhe1 Qxh2 19. Nxe6 fxe6 20. Rxe6
Qh6+ 21. Qd2 Qxd2+ 22. Rxd2 Rd6 23. Rxe7 Rxf3 24. Rxa7 Rf4 25. Be2 Re6 26. a4
Rf2 27. Bd1 Rf1 28. a5 Re4 29. b3 Re8 30. a6 Nc3 31. Rb7 Rf7 32. Rxf7 Kxf7 33.
Bf3 Ra8 34. Kb2 Nb5 35. Bxc6 1-0

[Event "Liga Madrileña - DH 2016-2017"]
[Site "Madrid ESP"]
[Date "2017.02.12"]
[Round "9.22"]
[White "Perez Gonzalez, Jose Manuel"]
[Black "Rodriguez Cespedes, Amador"]
[Result "1/2-1/2"]
[WhiteElo "2322"]
[BlackElo "2424"]
[PlyCount "111"]
[EventDate "2016.11.20"]
[EventType "team-tourn"]
[EventRounds "14"]
[EventCountry "ESP"]
[SourceTitle "Ajedrez en Madrid"]
[Source "lmi"]
[SourceDate "2016.11.20"]
[WhiteTeam "Liberty Chess"]
[BlackTeam "64 Villalba"]
[WhiteTeamCountry "ESP"]
[BlackTeamCountry "ESP"]

1. e4 e5 2. Bc4 Nf6 3. d4 exd4 4. Nf3 Nxe4 5. Qxd4 Nf6 6. Bg5 c6 7. Nc3 d5 8.
O-O-O Be7 9. Rhe1 Be6 10. Qh4 Nbd7 11. Bd3 Nc5 12. Nd4 Nfd7 13. Bxe7 Qxe7 14.
Qxe7+ Kxe7 15. f4 g6 16. g4 Nxd3+ 17. Rxd3 Nc5 18. Rde3 Kd6 19. b4 Ne4 20.
Nxe4+ dxe4 21. Nxe6 fxe6 22. Rxe4 Rae8 23. c4 Rhf8 24. Kd2 c5 25. bxc5+ Kxc5
26. Re5+ Kd6 27. c5+ Kd7 28. Ke3 Re7 29. Rd1+ Ke8 30. Rd6 Kf7 31. a4 Rc8 32. a5
Rc6 33. Kd4 a6 34. Re3 Rec7 35. Rxc6 Rxc6 36. Rh3 Kg7 37. Rb3 Rc7 38. g5 Rf7
39. Ke4 Rc7 40. Rc3 Kf7 41. Kd4 Ke7 42. Rb3 Rd7+ 43. Kc4 e5 44. fxe5 Ke6 45.
Rb6+ Kxe5 46. c6 Rd4+ 47. Kc3 bxc6 48. Rxc6 Rh4 49. Rxa6 Rxh2 50. Rb6 Ra2 51.
Rb5+ Kd6 52. Kb3 Ra1 53. Kb2 Ra4 54. Kb3 Ra1 55. Kb2 Ra4 56. Kb3 1/2-1/2

[Event "Liga Madrileña - DH 2016-2017"]
[Site "Madrid ESP"]
[Date "2017.02.12"]
[Round "9.23"]
[White "Longa Yauca, Javier"]
[Black "Fernandez Garcia, Miguel Angel"]
[Result "1-0"]
[WhiteElo "2353"]
[BlackElo "2366"]
[PlyCount "69"]
[EventDate "2016.11.20"]
[EventType "team-tourn"]
[EventRounds "14"]
[EventCountry "ESP"]
[SourceTitle "Ajedrez en Madrid"]
[Source "lmi"]
[SourceDate "2016.11.20"]
[WhiteTeam "64 Villalba"]
[BlackTeam "Liberty Chess"]
[WhiteTeamCountry "ESP"]
[BlackTeamCountry "ESP"]

1. d4 d5 2. Nf3 Nf6 3. c4 dxc4 4. Nc3 Nd5 5. e4 Nb6 6. Be3 Bg4 7. h3 Bh5 8. g4
Bg6 9. Nd2 e6 10. f4 f5 11. Nxc4 fxe4 12. Ne5 Nd5 13. Nxd5 Qxd5 14. Bc4 Qa5+
15. Kf2 Nd7 16. Qb3 Nxe5 17. dxe5 O-O-O 18. Bxe6+ Kb8 19. Rac1 Rd2+ 20. Kg3 h5
21. gxh5 Rd3 22. Rhd1 Rxh5 23. Bg4 Rh8 24. Rxd3 exd3 25. Qe6 Bb4 26. Qxg6 Bd2
27. b4 Bxb4 28. Qxd3 Qxa2 29. Qe4 Qa3 30. Bf3 c6 31. Rb1 a5 32. Bd2 Bxd2 33.
Rxb7+ Ka8 34. Qxc6 Be1+ 35. Kg2 1-0

[Event "Liga Madrileña - DH 2016-2017"]
[Site "Madrid ESP"]
[Date "2017.02.12"]
[Round "9.24"]
[White "Garcia Cuenca, Victor Manuel"]
[Black "Ruperez Benito, Antonio"]
[Result "0-1"]
[WhiteElo "2339"]
[BlackElo "2313"]
[PlyCount "66"]
[EventDate "2016.11.20"]
[EventType "team-tourn"]
[EventRounds "14"]
[EventCountry "ESP"]
[SourceTitle "Ajedrez en Madrid"]
[Source "lmi"]
[SourceDate "2016.11.20"]
[WhiteTeam "Liberty Chess"]
[BlackTeam "64 Villalba"]
[WhiteTeamCountry "ESP"]
[BlackTeamCountry "ESP"]

1. d4 e6 2. c4 d5 3. Nc3 Be7 4. cxd5 exd5 5. Bf4 c6 6. e3 Bd6 7. Qf3 Ne7 8.
Bxd6 Qxd6 9. Bd3 g6 10. O-O-O b5 11. Nge2 Nd7 12. Qf4 Qxf4 13. Nxf4 Nb6 14. Kb1
O-O 15. Rc1 a5 16. b3 Bd7 17. Kb2 Nec8 18. Bb1 Nd6 19. Nd3 Rfc8 20. Ne2 a4 21.
Nef4 Nb7 22. Nc5 Nd6 23. Nfd3 Be8 24. Nb4 Nd7 25. Ncd3 Nb8 26. g4 Na6 27. Rc2
Nxb4 28. Nxb4 h6 29. Rhc1 Bd7 30. Nxc6 Bxc6 31. Rxc6 Nc4+ 32. bxc4 Rxc6 33.
cxb5 a3+ 0-1

[Event "Liga Madrileña - DH 2016-2017"]
[Site "Madrid ESP"]
[Date "2017.02.12"]
[Round "9.25"]
[White "Fernandez de Bobadilla, Gabriel"]
[Black "Suarez Triguero, Jose Alfonso"]
[Result "1/2-1/2"]
[WhiteElo "2241"]
[BlackElo "2100"]
[PlyCount "97"]
[EventDate "2016.11.20"]
[EventType "team-tourn"]
[EventRounds "14"]
[EventCountry "ESP"]
[SourceTitle "Ajedrez en Madrid"]
[Source "lmi"]
[SourceDate "2016.11.20"]
[WhiteTeam "64 Villalba"]
[BlackTeam "Liberty Chess"]
[WhiteTeamCountry "ESP"]
[BlackTeamCountry "ESP"]

1. d4 Nf6 2. c4 c5 3. d5 e5 4. Nc3 d6 5. e4 Be7 6. Bd3 Nbd7 7. Nge2 Nf8 8. a3
Ng6 9. b4 b6 10. f3 Nh5 11. g3 Bh3 12. Rg1 Bg5 13. Bxg5 Qxg5 14. Qd2 Qxd2+ 15.
Kxd2 Bd7 16. Rgb1 O-O-O 17. a4 Kc7 18. a5 Ra8 19. Rb2 cxb4 20. Rxb4 Nf6 21. Rb2
Ne7 22. Rba2 Rab8 23. f4 Ng6 24. axb6+ axb6 25. Rb1 Rhe8 26. f5 Ne7 27. h3 g6
28. fxg6 fxg6 29. Rf1 Rf8 30. Rh1 Nh5 31. Ke3 Rf7 32. Ra7+ Rb7 33. Raa1 Rb8 34.
Ra7+ Rb7 35. Raa1 Rb8 36. Nb5+ Bxb5 37. cxb5 Kb7 38. Rhf1 Rbf8 39. Rxf7 Rxf7
40. Rg1 Nf6 41. Nc3 Nd7 42. Rf1 Rxf1 43. Bxf1 Nc5 44. h4 h6 45. Bh3 Ng8 46. Bf1
Nf6 47. Bh3 Nh5 48. Kf3 Nf6 49. Bf1 1/2-1/2

[Event "Liga Madrileña - DH 2016-2017"]
[Site "Madrid ESP"]
[Date "2017.02.12"]
[Round "9.26"]
[White "Pablos Tenrero, Raquel"]
[Black "Veganzonez Rojo, David"]
[Result "0-1"]
[WhiteElo "2033"]
[BlackElo "2117"]
[PlyCount "134"]
[EventDate "2016.11.20"]
[EventType "team-tourn"]
[EventRounds "14"]
[EventCountry "ESP"]
[SourceTitle "Ajedrez en Madrid"]
[Source "lmi"]
[SourceDate "2016.11.20"]
[WhiteTeam "Liberty Chess"]
[BlackTeam "64 Villalba"]
[WhiteTeamCountry "ESP"]
[BlackTeamCountry "ESP"]

1. e4 e5 2. Nf3 Nc6 3. Bb5 f5 4. Nc3 fxe4 5. Nxe4 Nf6 6. Nxf6+ Qxf6 7. Qe2 Be7
8. Bxc6 bxc6 9. Nxe5 Qe6 10. Nf3 Qxe2+ 11. Kxe2 c5 12. d3 Bb7 13. Re1 Rf8 14.
Bd2 d6 15. Bc3 g6 16. Kf1 Bxf3 17. gxf3 Rxf3 18. Re3 Rf7 19. Rae1 Kd7 20. Kg2
Raf8 21. Rf1 Bh4 22. Re2 Rf5 23. Bd2 Bf6 24. b3 Be5 25. h3 R8f7 26. Re4 Bd4 27.
Re2 Rf3 28. Bc1 a6 29. Bd2 R3f5 30. Bc1 g5 31. Be3 h5 32. c4 Be5 33. Ree1 Rg7
34. Rg1 g4 35. hxg4 Rxg4+ 36. Kf1 Rxg1+ 37. Kxg1 Bf4 38. Kg2 Be5 39. Rh1 Ke6
40. Re1 Kf7 41. Kh3 Bd4 42. Re2 Bxe3 43. fxe3 Kg6 44. Rg2+ Rg5 45. Rf2 Re5 46.
Rg2+ Rg5 47. Rf2 Rg1 48. Rd2 Kg5 49. e4 h4 50. Rf2 Rg3+ 51. Kh2 Rxd3 52. Rf7
Kg4 53. Rg7+ Kf4 54. Rxc7 Kxe4 55. Rc6 Kf5 56. Rxa6 Kg4 57. Ra8 Rd2+ 58. Kg1 h3
59. Rg8+ Kf3 60. Rf8+ Ke4 61. Rh8 Rxa2 62. Rxh3 Kd4 63. Kf1 Rd2 64. Ke1 Rd3 65.
Rh4+ Kc3 66. Ke2 Rd2+ 67. Ke1 Rd4 0-1

[Event "Liga Madrileña - DH 2016-2017"]
[Site "Madrid ESP"]
[Date "2017.02.12"]
[Round "9.31"]
[White "Martinez Reyes, Pedro Ramon"]
[Black "Candela Perez, Jose"]
[Result "1-0"]
[WhiteElo "2371"]
[BlackElo "2400"]
[PlyCount "73"]
[EventDate "2016.11.20"]
[EventType "team-tourn"]
[EventRounds "14"]
[EventCountry "ESP"]
[SourceTitle "Ajedrez en Madrid"]
[Source "lmi"]
[SourceDate "2016.11.20"]
[WhiteTeam "Blanco y Negro"]
[BlackTeam "La Casa del Ajedrez"]
[WhiteTeamCountry "ESP"]
[BlackTeamCountry "ESP"]

1. e4 c5 2. Nf3 d6 3. d4 cxd4 4. Nxd4 Nf6 5. Nc3 a6 6. Be2 e6 7. O-O Be7 8. a4
O-O 9. Be3 Nc6 10. f4 Qc7 11. Kh1 Re8 12. a5 Nxa5 13. e5 dxe5 14. fxe5 Qxe5 15.
Bf4 Qc5 16. Na4 Qa7 17. Bc7 e5 18. Nb6 exd4 19. Rxa5 Bb4 20. Rg5 Ne4 21. Rxg7+
Kxg7 22. Qxd4+ f6 23. Qxb4 Bd7 24. Qd4 Bc6 25. Bd3 Rac8 26. Bxe4 Rxc7 27. Qxf6+
Kg8 28. Bd3 Bb5 29. c4 Bc6 30. c5 Bxg2+ 31. Kxg2 Rg7+ 32. Kh1 Qb8 33. Nd7 Qc8
34. Bc4+ Kh8 35. Ne5 Qxc5 36. Nf7+ Kg8 37. Nd6+ 1-0

[Event "Liga Madrileña - DH 2016-2017"]
[Site "Madrid ESP"]
[Date "2017.02.12"]
[Round "9.32"]
[White "Suarez Uriel, Adrian"]
[Black "Taboas Rodriguez, Daniel"]
[Result "0-1"]
[WhiteElo "2354"]
[BlackElo "2383"]
[PlyCount "75"]
[EventDate "2016.11.20"]
[EventType "team-tourn"]
[EventRounds "14"]
[EventCountry "ESP"]
[SourceTitle "Ajedrez en Madrid"]
[Source "lmi"]
[SourceDate "2016.11.20"]
[WhiteTeam "La Casa del Ajedrez"]
[BlackTeam "Blanco y Negro"]
[WhiteTeamCountry "ESP"]
[BlackTeamCountry "ESP"]

1. e4 e6 2. d4 d5 3. Nc3 Nf6 4. Bg5 Be7 5. e5 Ne4 6. Bxe7 Qxe7 7. Nxe4 dxe4 8.
c3 O-O 9. Qc2 f5 10. f3 c5 11. fxe4 cxd4 12. O-O-O dxc3 13. Qxc3 fxe4 14. Bc4
Nc6 15. Nh3 Bd7 16. Kb1 Rac8 17. Bb3 Nb4 18. Qd4 Bc6 19. Ng5 Bd5 20. Nxe4 Nc6
21. Qe3 Bxb3 22. axb3 Qf7 23. Qg5 h6 24. Qg3 Qf5 25. Rde1 Nxe5 26. Rhf1 Qxf1
27. Rxf1 Rxf1+ 28. Ka2 Rcc1 29. b4 Nc6 30. Qd6 e5 31. Nd2 Rf6 32. Qd5+ Kh8 33.
Qb5 Nxb4+ 34. Kb3 Nc6 35. Ka2 Nb4+ 36. Kb3 Nc2 37. Qxe5 Rb6+ 38. Kc3 0-1

[Event "Liga Madrileña - DH 2016-2017"]
[Site "Madrid ESP"]
[Date "2017.02.12"]
[Round "9.33"]
[White "Bolado Saez, Sergio"]
[Black "Rojo Huerta, Gabriel"]
[Result "1-0"]
[WhiteElo "2370"]
[BlackElo "2356"]
[PlyCount "83"]
[EventDate "2016.11.20"]
[EventType "team-tourn"]
[EventRounds "14"]
[EventCountry "ESP"]
[SourceTitle "Ajedrez en Madrid"]
[Source "lmi"]
[SourceDate "2016.11.20"]
[WhiteTeam "Blanco y Negro"]
[BlackTeam "La Casa del Ajedrez"]
[WhiteTeamCountry "ESP"]
[BlackTeamCountry "ESP"]

1. d4 d5 2. c4 e6 3. Nc3 c6 4. cxd5 exd5 5. Qc2 Bd6 6. Nf3 Ne7 7. Bg5 h6 8.
Bxe7 Qxe7 9. Nxd5 Qd8 10. Nc3 O-O 11. e4 Bg4 12. Be2 c5 13. d5 Nd7 14. O-O a6
15. a4 Qf6 16. Nd2 Bxe2 17. Nxe2 b5 18. f4 c4 19. e5 Bc5+ 20. Kh1 Qh4 21. Ne4
Rac8 22. Rf3 Rfe8 23. N2g3 Qg4 24. Nf5 Qxf5 25. Nf6+ Qxf6 26. exf6 Nxf6 27.
axb5 axb5 28. Qf5 Rcd8 29. d6 Ne4 30. d7 Re7 31. Rd1 b4 32. h3 c3 33. bxc3 bxc3
34. Kh2 g6 35. Qd5 c2 36. Rc1 Rdxd7 37. Qa8+ Kh7 38. Rxc2 Rd1 39. Rxc5 Nxc5 40.
f5 Rd6 41. Qf8 Red7 42. fxg6+ 1-0

[Event "Liga Madrileña - DH 2016-2017"]
[Site "Madrid ESP"]
[Date "2017.02.12"]
[Round "9.34"]
[White "Elguezabal Varela, Daniel"]
[Black "Alarcia Astiz, Carlos"]
[Result "1/2-1/2"]
[WhiteElo "2345"]
[BlackElo "2331"]
[PlyCount "154"]
[EventDate "2016.11.20"]
[EventType "team-tourn"]
[EventRounds "14"]
[EventCountry "ESP"]
[SourceTitle "Ajedrez en Madrid"]
[Source "lmi"]
[SourceDate "2016.11.20"]
[WhiteTeam "La Casa del Ajedrez"]
[BlackTeam "Blanco y Negro"]
[WhiteTeamCountry "ESP"]
[BlackTeamCountry "ESP"]

1. d4 Nf6 2. Nf3 e6 3. c4 d5 4. g3 dxc4 5. Qa4+ Nbd7 6. Bg2 c5 7. O-O a6 8. Nc3
Be7 9. dxc5 Bxc5 10. Qxc4 b5 11. Qb3 Bb7 12. Bf4 Qb6 13. a4 O-O 14. axb5 axb5
15. Rxa8 Rxa8 16. Qxb5 Qxb5 17. Nxb5 Ra2 18. Bc1 Ng4 19. Nc3 Ra1 20. e3 Nb6 21.
h3 Nf6 22. Bd2 Ra8 23. Ne5 Bxg2 24. Kxg2 Bd6 25. Nf3 Nc4 26. Bc1 Rb8 27. e4 Bc5
28. Rd1 Nxb2 29. Bxb2 Rxb2 30. Rd8+ Bf8 31. e5 Rc2 32. exf6 Rxc3 33. Ne5 Rc7
34. Nd7 Rxd7 35. Rxd7 gxf6 36. g4 Kg7 37. Rb7 Bd6 38. Rb5 Kg6 39. Kf3 Be5 40.
Ke4 Bc3 41. f4 h6 42. h4 f5+ 43. gxf5+ exf5+ 44. Rxf5 h5 45. Rg5+ Kh6 46. Rg1
Bf6 47. Rh1 Kg6 48. f5+ Kg7 49. Kd5 Bd8 50. Rg1+ Kh6 51. Rh1 Kg7 52. Ke4 Bf6
53. Rb1 Bxh4 54. Rh1 Bf6 55. Rxh5 Bb2 56. Rh2 Bc3 57. Rc2 Bf6 58. Rc6 Bb2 59.
Kd5 Ba1 60. Rd6 Bc3 61. Rc6 Bb2 62. Kc5 Ba1 63. Kb6 Be5 64. Kb7 Kf8 65. Kc8 Ke7
66. Kb7 Kf8 67. Rc5 Bd4 68. Rd5 Bc3 69. Rc5 Bd4 70. Rc4 Bb2 71. Kc6 Ke7 72. Kd5
Kf6 73. Ke4 Kg7 74. Kf4 Bf6 75. Kg4 Bd8 76. Rc6 Bf6 77. Kf4 Bd4 1/2-1/2

[Event "Liga Madrileña - DH 2016-2017"]
[Site "Madrid ESP"]
[Date "2017.02.12"]
[Round "9.35"]
[White "Renteria Becerra, Jorge Elicer"]
[Black "Collado Barbas, Laura"]
[Result "1-0"]
[WhiteElo "2226"]
[BlackElo "2096"]
[PlyCount "75"]
[EventDate "2016.11.20"]
[EventType "team-tourn"]
[EventRounds "14"]
[EventCountry "ESP"]
[SourceTitle "Ajedrez en Madrid"]
[Source "lmi"]
[SourceDate "2016.11.20"]
[WhiteTeam "Blanco y Negro"]
[BlackTeam "La Casa del Ajedrez"]
[WhiteTeamCountry "ESP"]
[BlackTeamCountry "ESP"]

1. e4 e6 2. d4 d5 3. Nd2 Nf6 4. e5 Nfd7 5. f4 c5 6. c3 Nc6 7. Ndf3 cxd4 8. cxd4
Bb4+ 9. Kf2 f6 10. g3 O-O 11. Kg2 Qb6 12. Bd3 f5 13. Ne2 Be7 14. h3 a5 15. g4
g6 16. gxf5 gxf5 17. Kh2 Kh8 18. Rg1 Qd8 19. Nc3 Nb6 20. b3 Nb4 21. Be2 Bd7 22.
a3 Na6 23. Bd2 Nc7 24. a4 Rg8 25. Qe1 Rxg1 26. Qxg1 Na6 27. Bxa6 bxa6 28. Ne2
Bb4 29. Ng5 Qe7 30. Bxb4 axb4 31. a5 Bb5 32. axb6 Bxe2 33. Rc1 Bb5 34. Rc7 Bd7
35. b7 Rb8 36. Qc1 Kg7 37. Qc5 Qe8 38. Qd6 1-0

[Event "Liga Madrileña - DH 2016-2017"]
[Site "Madrid ESP"]
[Date "2017.02.12"]
[Round "9.36"]
[White "Perez Cuadrado Robles, Alejandro"]
[Black "Beltran de Heredia Eguiaz, Miguel Angel"]
[Result "1/2-1/2"]
[WhiteElo "2025"]
[BlackElo "2224"]
[PlyCount "56"]
[EventDate "2016.11.20"]
[EventType "team-tourn"]
[EventRounds "14"]
[EventCountry "ESP"]
[SourceTitle "Ajedrez en Madrid"]
[Source "lmi"]
[SourceDate "2016.11.20"]
[WhiteTeam "La Casa del Ajedrez"]
[BlackTeam "Blanco y Negro"]
[WhiteTeamCountry "ESP"]
[BlackTeamCountry "ESP"]

1. e4 c5 2. d3 Nc6 3. f4 g6 4. Nc3 d6 5. g3 Bg7 6. Bd2 e6 7. Bg2 Nge7 8. Nf3
O-O 9. O-O Rb8 10. Rb1 b5 11. a3 a5 12. a4 b4 13. Nb5 Nd4 14. c4 Nec6 15. Be3
Bb7 16. Bxd4 Nxd4 17. Nfxd4 cxd4 18. Qb3 Rc8 19. f5 exf5 20. exf5 Bxg2 21. Kxg2
Rc5 22. Qd1 Re8 23. fxg6 hxg6 24. Qf3 Rf5 25. Qg4 Rg5 26. Qf3 Rf5 27. Qg4 Rg5
28. Qf3 Rf5 1/2-1/2

[Event "Liga Madrileña - DH 2016-2017"]
[Site "Madrid ESP"]
[Date "2017.02.12"]
[Round "9.41"]
[White "Solaesa Navalpotro, Luis Julio"]
[Black "Almagro Llamas, Pablo"]
[Result "1-0"]
[WhiteElo "2215"]
[BlackElo "2446"]
[PlyCount "105"]
[EventDate "2016.11.20"]
[EventType "team-tourn"]
[EventRounds "14"]
[EventCountry "ESP"]
[SourceTitle "Ajedrez en Madrid"]
[Source "lmi"]
[SourceDate "2016.11.20"]
[WhiteTeam "Moratalaz"]
[BlackTeam "Virgen de Atocha"]
[WhiteTeamCountry "ESP"]
[BlackTeamCountry "ESP"]

1. d4 Nf6 2. c4 e6 3. Nf3 b6 4. g3 Ba6 5. b3 Bb4+ 6. Bd2 Be7 7. Nc3 O-O 8. Bg2
c6 9. O-O d5 10. cxd5 cxd5 11. Ne5 Nfd7 12. f4 Nxe5 13. fxe5 Nc6 14. Be3 Rc8
15. Qd2 Bb4 16. Rfc1 Ba3 17. Rd1 Qc7 18. Nb1 Bb4 19. Qb2 Na5 20. Rc1 Qd7 21.
Rxc8 Rxc8 22. a3 Be7 23. Nc3 Rc7 24. Rc1 Bc4 25. bxc4 Nxc4 26. Nxd5 exd5 27.
Qb3 b5 28. Bf4 Bxa3 29. Rd1 Rc8 30. e4 a5 31. exd5 a4 32. Qf3 Bb2 33. e6 Qa7
34. exf7+ Kf8 35. Bh3 Rd8 36. Be6 a3 37. Bg5 Rd7 38. Qf5 Bxd4+ 39. Kg2 Nd6 40.
Qxh7 Nxf7 41. Rf1 Bf2 42. Rxf2 Qxf2+ 43. Kxf2 a2 44. Bxd7 a1=Q 45. Qf5 Qh1 46.
h4 Qh2+ 47. Kf3 Qh1+ 48. Ke3 Qe1+ 49. Kd4 g6 50. Bh6+ Ke7 51. Qe6+ Qxe6 52.
Bxe6 Nxh6 53. Kc5 1-0